000 00419ntaaa2200181 4500
003 01
005 20251027202708.0
008 0714s1973 ag 01
040 _aAR-BaBN
_bspa
_cAR-BaBN
_eaacr
_dRIC
082 _a485.0000 W582
100 _aWhite, John Williams
245 _aFirst lessons in greek
250 _a1 ed.
260 _as.l.,
_cs.f.
300 _ax, 286 p
650 _alengua griega
_94377
942 _cBK
999 _c22103
_d22103